|
|
|
|
| LEADER |
00000nab a2200000uu 4500 |
| 001 |
vtls011440919 |
| 003 |
SK-MaSNL |
| 005 |
20260303123325.0 |
| 008 |
230213|1976 xo |||||||||||||||||eng| |
| 015 |
|
|
|a SNBRB
|
| 035 |
|
|
|a (urnnbn)urn:nbn:sk:snk:ar-002zmj
|
| 035 |
|
|
|a (uuid)232d027a-b039-4659-9ea0-4eb98126c048
|
| 035 |
|
|
|a urn:nbn:sk:snk-abcfa6
|
| 040 |
|
|
|a SNKBUCL
|b slo
|c SNKBUCL
|e AACR2
|
| 041 |
0 |
|
|a eng
|
| 044 |
|
|
|a xo
|c SK
|
| 100 |
1 |
|
|a Brozmanová, Jela,
|d 1936-
|4 aut
|9 133912
|
| 245 |
1 |
0 |
|a INFLUENCE OF BROMOURACIL DENSITY LABELLING ON VARIABILITY OF UV IRRADIATED ESCHERICHIA COLI CELLS
|c Jela Brozmanová, V. Mock
|
| 700 |
1 |
|
|a Mock, V.
|4 trl
|9 1137284
|
| 773 |
0 |
|
|t Biológia : časopis Slovenskej akadémie vied
|g Roč. 31, č. 6 (1976), s. 377-384
|
| 954 |
|
|
|a odborná, vedecká literatúra pôvodná (slovenská)
|2 lita
|
| 958 |
|
|
|a OND
|
| 958 |
|
|
|a EUIPO
|
| 958 |
|
|
|a article16
|
| 999 |
|
|
|c 1925214
|d 1927144
|